| 000 | 00950nac a22003131i 4500 | ||
|---|---|---|---|
| 003 | EG-ScBUE | ||
| 005 | 20250702084405.0 | ||
| 008 | 250625t2000 enkac f 001 0 eng d | ||
| 020 | _a043557096X (pbk.) | ||
| 020 | _a9780435570965 | ||
| 040 |
_aEG-ScBUE _beng _erda _cEG-ScBUE _dEG-ScBUE |
||
| 082 | 0 | 4 |
_a540 _bFUL _222 |
| 100 | 1 |
_aFullick, Ann, _d1956- _eauthor. |
|
| 245 | 1 | 0 |
_aChemistry / _cAnn and Patrick Fullick. |
| 250 | _aSecond edition. | ||
| 264 | 1 |
_aOxford : _bHeinemann, _c[2000] |
|
| 264 | 4 | _cc2000 | |
| 300 |
_a570 pages : _billustrations (some color), portraits (some color) ; _c27 cm. |
||
| 336 |
_2rdacontent _atext _btxt |
||
| 337 |
_aunmediated _2rdamedia _bn |
||
| 338 |
_avolume _bnc _2rdacarrier |
||
| 490 | 0 | _aHeinemann advanced science | |
| 500 | _aPrevious ed.: 1994. | ||
| 500 | _aIncludes index. | ||
| 650 | 7 |
_aChemistry. _2BUEsh |
|
| 655 | _vReading book | ||
| 700 | 1 |
_aFullick, Patrick, _eauthor. |
|
| 942 |
_cBB _2ddc |
||
| 999 |
_c764 _d764 |
||